Otra economía es posible : desde el concenso de washington a la vivión de una nueva economía /

Guardado en:
Autor Principal: Kliksberg, Bernardo
Formato: Libro
Publicado: Buenos Aires : La Página, 2014
Series:Bernardo Kliksberg ; 4
Materias:
Etiquetas: Agregar Etiqueta
Sin Etiquetas, Sea el primero en etiquetar este registro!
LEADER 00941nam a22002535a 4500
001 CEM.cems014403
005 20140519160118.0
008 130507s2014##################000#0#####d
003 CEMS
020 |a 9789875036468 
082 0 4 |a 330 
100 1 |a Kliksberg, Bernardo 
245 1 0 |a Otra economía es posible :  |b desde el concenso de washington a la vivión de una nueva economía /  |c Bernardo Kliksberg 
260 |a Buenos Aires :  |b La Página,  |c 2014 
300 |a 148 p. 
490 0 |a Bernardo Kliksberg ; 4 
505 0 |a Revisando el modelo -- ¿Por qué la gran crisis económica mundial del 2008/9, cuyos efectos continuan? -- Impactos en Europa de las actuales políticas de austeridad --Caminos alternativos 
653 |a Economía 
653 |a Discriminación 
653 |a Marginalidad 
653 |a Pobreza 
653 |a Xenofobia 
653 |a Política económica 
859 |a CEMS  |b BIB. CEMS - 11 de abril  |h 330  |i K682-3  |p 26975.14  |t Ej.1